000 01179nam0a22003251 4500
001 rc\4982935
005 20250613061831.0
021 _aRU
_b[67-21190]
035 _a(NLR Aleph) 008982991
090 _a9197855
_c9197855
100 _a20130430d1967 |||y0rusy50 ca
101 0 _arus
102 _aRU
105 _aa z |||||
200 1 _aРусский язык
_eФонетика и морфология
_eДля 5-7 классов каз. школы
205 _a5-е изд.
210 _aАлма-Ата
_cМектеп
_d1967
215 _a343 с., 2 л. ил.
_cил.
_d22
300 _aПеред загл. авт.: Х.А. Бекмухамедова, Г.Ф. Гуревич, А.Н. Канцев, Г.А. Мейрамов
606 _aРусский язык
_jУчебники и пособия для нерусских школ
_2psbo
701 1 _aКанцев
_bА.Н.
701 1 _aМейрамов
_bГ.А.
701 1 _aГуревич
_bГ.Ф.
701 1 _aБекмухамедова
_bХ.А.
_gХалима Адамовна
801 0 _aRU
_bNLR
_gpsbo
801 1 _aRU
_bELAR
_2rusmarc
852 _aNLR
_bОНЛ
942 _cBOOK
980 _aNB